000 01163cam a2200373Ia 4500
001 4794663
003 ARRUPE
005 20131213114915.0
008 040712s2004 miu 000 0aeng d
020 _a0879073411 (v. 1)
020 _a087907342X (v. 2)
020 _a0879073535 (set)
035 _a(OCoLC)55891817
035 _a(OCoLC)ocm55891817
035 _a(NNC)4794663
040 _aXII
_cXII
041 1 _aeng
_hnor
043 _ae-no---
050 _aBX4705
_b.G76.A3
090 _aBX4705.G617576
_bA313 2004
100 1 _aGran, John W.,
_d1920-2008.
_95658
240 1 0 _aHånd på skulder.
_lEnglish
245 1 2 _aA hand on my shoulder/
_cJohn Willem Gran.
260 _aKalamazoo, Mich. :
_bCistercian Publications,
_cc2004.
300 _a2 vol.
_c23 cm.
490 1 _aCistercian studies series ;
_vno. 203
500 _av. 1. From atheist to monk -- v. 2. Monk and bishop.
600 1 0 _aGran, John W.,
_d1920-2008.
_95659
610 2 0 _aCatholic Church
_zNorway
_xBishops
_vBiography.
_95660
830 0 _aCistercian studies series ;
_vno. 203.
_95661
942 _2lcc
_cMONOGRAPH
948 2 _a20070403
_ba
_crch2
_dMPS
999 _c119245
_d119245